| 000 | 00530nam a22001817a 4500 | ||
|---|---|---|---|
| 003 | OSt | ||
| 005 | 20251217071543.0 | ||
| 008 | 251217b |||||||| |||| 00| 0 eng d | ||
| 020 | _a0-06-093213-9 | ||
| 040 |
_aDWCL-Main lib. _cOC |
||
| 082 | _aFic. F K962w 1999 | ||
| 100 | _aHeim, Michael Henry | ||
| 245 |
_aThe unbearable lightness of being/ _cMichael Henry Heim |
||
| 260 |
_aUSA : _bHarper & Row, Publishers, Inc., _cc1999 |
||
| 300 |
_a314 p. ; _c 20 cm. |
||
| 700 | _aKundera, Milan | ||
| 942 |
_2ddc _cFIC. _hFic. _n0 |
||
| 999 |
_c7179 _d7179 |
||